书目信息 |
| 题名: |
建筑玻璃在现代建筑中的应用
|
|
| 作者: | 刘忠伟 , 马眷荣 著 | |
| 分册: | ||
| 出版信息: | 北京 中国建材工业出版社 2000.11 |
|
| 页数: | 184页 | |
| 开本: | 26cm | |
| 丛书名: | ||
| 单 册: | ||
| 中图分类: | TQ171.72:TU | |
| 科图分类: | ||
| 主题词: | 玻璃--化学工业 | |
| 电子资源: | ||
| ISBN: | 7-80090-956-5 | |
| 000 | 00666nam0 2200205 45 | |
| 001 | 0256404390 | |
| 005 | 2002040815400438 | |
| 010 | @a7-80090-956-5@dRMB 36.00 | |
| 100 | @a20020408d2000 km y0chiy0120 ea | |
| 101 | 0 | @achi |
| 102 | @aCN@b110000 | |
| 200 | 1 | @a建筑玻璃在现代建筑中的应用@AJian Zhu Bo Li Zai Xian Dai Jian Zhu Zhong De Ying Yong@f刘忠伟,马眷荣著@FLiu Zhong Wei,Ma Juan Rong Zhu |
| 210 | @a北京@c中国建材工业出版社@d2000.11 | |
| 215 | @a184页@d26cm | |
| 606 | 0 | @a玻璃@x化学工业 |
| 690 | @aTQ171.72:TU@v3 | |
| 701 | 0 | @a刘忠伟@ALiu Zhong Wei@4著 |
| 701 | 0 | @a马眷荣@AMa Juan Rong@4著 |
| 801 | 0 | @aCN@bPFT@c20020408 |
| 905 | @a10447@dTQ171.72:TU@eL737 | |
| 建筑玻璃在现代建筑中的应用/刘忠伟,马眷荣著.-北京:中国建材工业出版社,2000.11 |
| 184页;26cm |
| ISBN 7-80090-956-5:RMB 36.00 |
| ● |
| 相关链接 |
|
|
|
正题名:建筑玻璃在现代建筑中的应用
索取号:TQ171.72:TU/L737
 
预约/预借
| 序号 | 登录号 | 条形码 | 馆藏地/架位号 | 状态 | 备注 |
| 1 | 356531 | 203565310 | 自科库501/501自科库 139排7列4层/ [索取号:TQ171.72:TU/L737] | 在馆 | |
| 2 | 356532 | 203565329 | 期刊室512/501自科库 139排7列4层/ [索取号:TQ171.72:TU/L737] | 在馆 | |
| 3 | 356533 | 203565338 | 自科库501/501自科库 139排7列4层/ [索取号:TQ171.72:TU/L737] | 在馆 | |
| 4 | 37558 | 200001531 | 自科二线504/504自科库 1排4列4层/ [索取号:TQ171.72:TU/L737] | 在馆 | |
| 5 | 42867 | 200428670 | 自科二线504/504自科库 1排4列4层/ [索取号:TQ171.72:TU/L737] | 在馆 | |
| 6 | 42868 | 200428689 | 自科二线400A/400A自科库 3排3列2层/ [索取号:TQ171.72:TU/L737] | 在馆 | |
| 7 | 42869 | 200428698 | 自科库501/ [索取号:TQ171.72:TU/L737] | 在馆 |